00438nam a22001577a 450000500170000001000150001702000260003203500140005803700090007208200110008110000180009224500520011026000380016227000540020030000260025420250702122051.0 aENG-145536 c400.00a9788177113730 aEN-129068 bDBAD 21a881 aVerma, Satish00aA Pinch of Moon & Micro Poems/cby Satish Verma aJaipurbSahityagar Classicsc2013 a958, Dhamani Market, Chaura RastabJaipure302003 aviii, 100p.c22cm(Hb)